Jogi karunk dékánja Odesszában
Elmentve itt :
| Dokumentumtípus: | Cikk |
|---|---|
| Megjelent: |
1968
|
| Sorozat: | Szegedi Egyetem
6 No. 14 |
| Kulcsszavak: | Külföldi út, Antalffy György, Jogelmélet, Előadás |
| Online Access: | http://univ.bibl.u-szeged.hu/370 |
| LEADER | 00596nab a2200181 i 4500 | ||
|---|---|---|---|
| 001 | univ370 | ||
| 005 | 20241220135432.0 | ||
| 008 | 171205s1968 hu o 000 hun d | ||
| 022 | |a 0230-791X | ||
| 040 | |a SZTE UnivHistória Repozitórium |b hun | ||
| 041 | |a hun | ||
| 245 | 0 | 0 | |a Jogi karunk dékánja Odesszában |h [elektronikus dokumentum] |
| 260 | |c 1968 | ||
| 300 | |a 3 | ||
| 490 | 0 | |a Szegedi Egyetem |v 6 No. 14 | |
| 561 | |a Egyetemi, hallgatói élet | ||
| 695 | |a Külföldi út, Antalffy György, Jogelmélet, Előadás | ||
| 856 | 4 | 0 | |u http://univ.bibl.u-szeged.hu/370/1/sze_1968_014_003.pdf |z Dokumentum-elérés |